| 000 | 01154nab a22002777a 4500 | ||
|---|---|---|---|
| 999 |
_c5498 _d5498 |
||
| 003 | OSt | ||
| 005 | 20251209141536.0 | ||
| 008 | 190502c xxu||||| |||| 00| 0 spa d | ||
| 040 | _cPJ | ||
| 100 |
_96491 _aManfredi, Guido E. |
||
| 245 | 1 | 0 |
_aConstitución ausente. Un análisis de la ley 27.784 / _cGuido E. Manfredi. |
| 260 |
_aCiudad Autónoma de Buenos Aires : _bThomson Reuters La Ley, _c2025. |
||
| 300 | _ap. 6-21 | ||
| 500 | _aCita Online: AR/DOC/1534/2025. | ||
| 505 | _aSumario: I. Introducción.— II. El juicio en ausencia y el derecho de defensa. — III. La ley 27.784.— IV. Conclusión. | ||
| 505 | _t¿Te interesa el texto completo? Solicitalo al correo: koha@justierradelfuego.gov.ar | ||
| 650 | 0 |
_9343 _aDERECHO PENAL |
|
| 650 | 0 |
_92348 _aPROCESO PENAL |
|
| 650 | 0 |
_9766 _aCONSTITUCION NACIONAL |
|
| 650 | 0 |
_9179 _aGARANTIAS CONSTITUCIONALES › |
|
| 650 | 0 |
_9586 _aDEFENSA EN JUICIO |
|
| 650 | 0 |
_9604 _aTRATADOS INTERNACIONALES |
|
| 650 | 0 |
_94378 _aDERECHO A SER OÍDO |
|
| 773 | 0 |
_02729 _93180 _dBuenos Aires : LexisNexis, 2006- _tRevista de derecho penal y procesal penal. Nº 8 - Agosto 2025 _z9875920622 |
|
| 942 |
_2udc _cANA |
||